[Event "Boris Gelfand"]
[Site "SchemingMind.com"]
[Date "2011.06.16"]
[Round "-"]
[White "Naoki_M"]
[Black "otsenrechess"]
[Result "0-1"]
[WhiteCountry "JPN"]
[BlackCountry "HUN"]
[WhiteElo "1624"]
[WhiteRD "87"]
[BlackElo "2301"]
[BlackRD "51"]
[GameID "286432"]

1. e4 e5 2. Nc3 Nf6 3. g3 d5 4. exd5 Nxd5 5. Bg2 Nxc3 6. bxc3 Bd6 7. Nf3 Nc6 8. O-O O-O 9. d3 Bg4 10. Qe1 Qd7
11. Rb1 Rab8 12. Be3 Be7 13. d4 f6 14. Qd2 e4 15. Ne1 Qd5 16. Ra1 Na5 17. Nd3 Nc4 18. Qc1 Qf5 19. Nf4 Ba3 20. Qb1 Bb2
21. d5 Bxa1 22. Qxa1 g5 23. Ne6 Rfc8 24. Bxa7 Ra8 25. Bd4 Qxd5 26. Bxf6 Bxe6 27. Rd1 Qf5 28. Bd4 c5 29. Be3 Nxe3 30. fxe3 Rxa2
31. Qb1 Rf8 32. Rd2 Qe5 33. c4 Ra1
0-1

[Event "Boris Gelfand"]
[Site "SchemingMind.com"]
[Date "2011.06.16"]
[Round "-"]
[White "otsenrechess"]
[Black "Naoki_M"]
[Result "1-0"]
[WhiteCountry "HUN"]
[BlackCountry "JPN"]
[WhiteElo "2301"]
[WhiteRD "51"]
[BlackElo "1624"]
[BlackRD "87"]
[GameID "286435"]

1. d4 Nf6 2. c4 c5 3. d5 e6 4. Nc3 exd5 5. cxd5 d6 6. e4 g6 7. h3 Bg7 8. Nf3 O-O 9. Bd3 a6 10. a4 Nbd7
11. O-O Re8 12. Bf4 Ne5 13. Nxe5 dxe5 14. Be3 Nd7 15. a5 Nf8 16. Bxc5 Bd7 17. Qb3 b5 18. axb6 a5 19. b7 Rb8 20. Ba7 Qc7
21. Ba6 a4 22. Nxa4 Bxa4 23. Qxa4 Nd7 24. Rfc1 Qd8 25. Rc8
1-0

[Event "Boris Gelfand"]
[Site "SchemingMind.com"]
[Date "2011.07.02"]
[Round "-"]
[White "Gilligan"]
[Black "mmccaffe"]
[Result "0-1"]
[WhiteCountry "USA"]
[BlackCountry "USA"]
[WhiteElo "1605"]
[WhiteRD "79"]
[BlackElo "1800"]
[BlackRD "54"]
[GameID "287906"]

1. e4 c5 2. d3 d6 3. Nf3 Nc6 4. Be2 Qc7 5. O-O Nf6 6. Bg5 e6 7. Nbd2 Be7 8. Rb1 h6 9. Bh4 a6 10. c3 b5
11. d4 Bb7 12. e5 dxe5 13. dxe5 Nxe5 14. Nxe5 Qxe5 15. Nf3 Qc7 16. Rc1 O-O 17. Qc2 Be4 18. Qd1 Rfd8 19. Qe1 Rd7 20. Bg3 Bd6
21. Bxd6 Rxd6 22. Rd1 Rad8 23. Nd2 Bc2 24. Ne4 Nxe4 25. Rxd6 Qxd6 26. Qc1 Qd2 27. Re1 c4 28. Qxd2 Rxd2 29. Bf3 Nxf2 30. Kf1 Nd3
31. Bb7 Nxe1 32. Kxe1 Rd6 33. Ke2 Bd3+ 34. Ke3 e5 35. b3 e4 36. g4 Rf6 37. h4 b4 38. bxc4 bxc3 39. c5 c2 40. Kd2 Rf2+
41. Kc1 Rf1+ 42. Kb2 c1=Q+ 43. Kb3 Qc4+ 44. Ka3 a5 45. Bc6 Qb4#
0-1

[Event "Boris Gelfand"]
[Site "SchemingMind.com"]
[Date "2011.07.02"]
[Round "-"]
[White "mmccaffe"]
[Black "Gilligan"]
[Result "0-1"]
[WhiteCountry "USA"]
[BlackCountry "USA"]
[WhiteElo "1771"]
[WhiteRD "52"]
[BlackElo "1636"]
[BlackRD "82"]
[GameID "287910"]

1. e4 e5 2. Nf3 d6 3. d4 Be7 4. dxe5 Bg4 5. exd6 Bxd6 6. h3 Bh5 7. g4 Bg6 8. e5 Be7 9. Qxd8+ Bxd8 10. Bd3 Nc6
11. Bxg6 fxg6 12. c3 Nge7 13. Bg5 O-O 14. Na3 Rxf3
0-1

[Event "Boris Gelfand"]
[Site "SchemingMind.com"]
[Date "2011.07.12"]
[Round "-"]
[White "emvarela"]
[Black "pnwmusichound"]
[Result "0-1"]
[WhiteCountry "ARG"]
[BlackCountry "USA"]
[WhiteElo "1751"]
[WhiteRD "48"]
[BlackElo "1871"]
[BlackRD "93"]
[GameID "288364"]

1. e4 e5 2. Nf3 Nf6 3. Nxe5 d6 4. Nf3 Nxe4 5. d4 d5 6. Bd3 Bd6 7. O-O O-O 8. c4 c6 9. cxd5 cxd5 10. Nc3 Nxc3
11. bxc3 Nd7 12. Bxh7+ Kxh7 13. Ng5+ Kg8 14. f4 Nf6 15. Qd3 b6 16. c4 a5 17. cxd5 Ba6 18. Qh3 Bxf1 19. Kxf1 Re8 20. Bd2 Rc8
21. Rb1 Qe7 22. Re1 Rc1
0-1

[Event "Boris Gelfand"]
[Site "SchemingMind.com"]
[Date "2011.07.12"]
[Round "-"]
[White "pnwmusichound"]
[Black "emvarela"]
[Result "1-0"]
[WhiteCountry "USA"]
[BlackCountry "ARG"]
[WhiteElo "1843"]
[WhiteRD "92"]
[BlackElo "1728"]
[BlackRD "46"]
[GameID "288367"]

1. e4 e5 2. Nc3 Nf6 3. f4 d5 4. fxe5 Nxe4 5. Qf3 Nc6 6. Bb5 Nxc3 7. Qxc3 Bd7 8. Qg3 a6 9. Bxc6 Bxc6 10. d4 Be7
11. Nf3 g6 12. Bg5 Bxg5 13. Nxg5 Qe7 14. O-O O-O 15. Rf6 Qb4 16. Qh4 h5 17. e6 Rae8 18. exf7+
1-0

[Event "Boris Gelfand"]
[Site "SchemingMind.com"]
[Date "2011.07.11"]
[Round "-"]
[White "pclaxton"]
[Black "Lanaroon"]
[Result "0-1"]
[WhiteCountry "ENG"]
[BlackCountry "ENG"]
[WhiteElo "1253"]
[WhiteRD "63"]
[BlackElo "1533"]
[BlackRD "93"]
[GameID "288537"]

1. e4 e5 2. Nf3 Nc6 3. c4 Nf6 4. Nc3 Be7 5. d3 d6 6. Bg5 Bg4 7. Be2 Nd4 8. Be3 O-O 9. Bxd4 exd4 10. Nxd4 Bxe2
11. Qxe2 c5 12. Nf5 g6 13. Nh6+ Kg7 14. Ng4 Nxg4 15. Qxg4 h5 16. Qf4 Bf6 17. Rc1 Qb6 18. Nd5 Qxb2 19. O-O Qe5 20. Qf3 Rh8
21. g3 Bg5 22. Rb1 b6 23. a3 h4 24. Nc7 Raf8 25. Na6 hxg3 26. fxg3 Rh3 27. Rbd1 f6 28. Qg4 Be3+ 29. Kg2 Rh5 30. Qd7+ Rf7
31. Qg4 f5 32. Qf3 Qb2+ 33. Kh1 Qxh2#
0-1

[Event "Boris Gelfand"]
[Site "SchemingMind.com"]
[Date "2011.07.15"]
[Round "-"]
[White "lp182"]
[Black "Olli Ylönen"]
[Result "0-1"]
[WhiteCountry "CHI"]
[BlackCountry "FIN"]
[WhiteElo "2122"]
[WhiteRD "89"]
[BlackElo "1759"]
[BlackRD "55"]
[GameID "288538"]

1. d4 Nf6 2. Nf3 g6 3. Bf4 Bg7 4. e3 O-O 5. Bd3 d6 6. Nbd2 Nbd7 7. h4 Re8 8. h5 Nxh5 9. Rxh5 gxh5 10. Bxh7+ Kf8
11. Qe2 Nf6 12. Bd3 Bg4 13. O-O-O e5 14. dxe5 dxe5 15. Bg5 Bxf3 16. Qxf3 Qd5 17. Bxf6 Qxf3
0-1

[Event "Boris Gelfand"]
[Site "SchemingMind.com"]
[Date "2011.07.12"]
[Round "-"]
[White "Lanaroon"]
[Black "pclaxton"]
[Result "1-0"]
[WhiteCountry "ENG"]
[BlackCountry "ENG"]
[WhiteElo "1511"]
[WhiteRD "95"]
[BlackElo "1298"]
[BlackRD "61"]
[GameID "288541"]

1. d4 d5 2. Nc3 c6 3. e4 Nf6 4. Bd3 e6 5. e5 Nfd7 6. Nf3 Bb4 7. Bg5 f6 8. exf6 gxf6 9. Bh6 Bxc3+ 10. bxc3 c5
11. Bb5 Rg8 12. O-O Rg6 13. Qd2 c4 14. Nh4 f5 15. Nxg6 hxg6 16. Rfe1 Ke7 17. Bg5+ Nf6 18. Bxf6+ Kxf6 19. h4 Kg7 20. Qf4 Bd7
21. Bxd7 Nxd7 22. Rxe6 Kf7 23. Rae1 Kg7 24. h5 gxh5 25. Qh6+ Kf7 26. Qxh5+ Kf8 27. Qxf5+ Kg7 28. Rg6+ Kh8 29. Qh5#
1-0

[Event "Boris Gelfand"]
[Site "SchemingMind.com"]
[Date "2011.07.13"]
[Round "-"]
[White "Olli Ylönen"]
[Black "lp182"]
[Result "0-1"]
[WhiteCountry "FIN"]
[BlackCountry "CHI"]
[WhiteElo "1778"]
[WhiteRD "48"]
[BlackElo "2157"]
[BlackRD "91"]
[GameID "288542"]

1. d4 d5 2. c4 c6 3. Nf3 Nf6 4. e3 e6 5. Bd3 Nbd7 6. O-O Bd6 7. Nbd2 O-O 8. e4 dxe4 9. Nxe4 Nxe4 10. Bxe4 Nf6
11. Bc2 Bd7 12. Qd3 g6 13. Bg5 Be7 14. Ne5 Nd5 15. Bxe7 Nxe7 16. Nxd7 Qxd7 17. Rfe1 Nf5 18. d5 cxd5 19. cxd5 exd5 20. Rad1 Rfe8
21. Rxe8+ Rxe8 22. g3 Qc6 23. Bb3 d4 24. Qc4 Qxc4 25. Bxc4 Kg7 26. g4 Nh4 27. f4 Re4 28. Bd5 Rxf4 29. Bxb7 Rxg4+ 30. Kf2 Nf5
31. Bc8 Rf4+ 32. Kg2 Nd6 33. Kg3 g5 34. Ba6 Nf5+ 35. Kh3 Rh4+
0-1

[Event "Boris Gelfand"]
[Site "SchemingMind.com"]
[Date "2011.07.12"]
[Round "-"]
[White "THFC"]
[Black "John Hamer"]
[Result "0-1"]
[WhiteCountry "ENG"]
[BlackCountry "ENG"]
[WhiteElo "1483"]
[WhiteRD "87"]
[BlackElo "2011"]
[BlackRD "67"]
[GameID "288604"]

1. e4 c6 2. Nf3 d5 3. exd5 cxd5 4. Bb5+ Bd7 5. Bxd7+ Nxd7 6. O-O Ngf6 7. d4 e6 8. Nc3 Be7 9. Bg5 O-O 10. Bxf6 Bxf6
11. h3 Qb6 12. b3 Rac8 13. Na4 Qc6 14. Rc1 b5 15. Nb2 Qc3 16. Nd3 Bxd4 17. Nxd4 Qxd4
0-1

[Event "Boris Gelfand"]
[Site "SchemingMind.com"]
[Date "2011.07.13"]
[Round "-"]
[White "ramesse"]
[Black "AlekhineKid"]
[Result "1-0"]
[WhiteCountry "SVK"]
[BlackCountry "USA"]
[WhiteElo "2043"]
[WhiteRD "70"]
[BlackElo "2039"]
[BlackRD "77"]
[GameID "288669"]

1. e4 c5 2. Nf3 d6 3. d4 cxd4 4. Nxd4 Nf6 5. Nc3 g6 6. Be3 Bg7 7. f3 O-O 8. Qd2 Nc6 9. O-O-O Nxd4 10. Bxd4 Be6
11. Kb1 Qc7 12. h4 Rfc8 13. g4 Qa5 14. a3 Rab8 15. h5 b5 16. h6 Bf8 17. Nd5 Qa4 18. Nc3 Qa5 19. Nd5 Qa4= 20. b3 Qxa3
21. Bxf6 exf6 22. Nxf6+ Kh8 23. Qd4 Qc5 24. Qb2 Qc3 25. f4 a5 26. Rh3 Qxb2+ 27. Kxb2 Rc5 28. f5 Be7 29. fxe6 Bxf6+ 30. Kb1 fxe6
31. Rxd6 Rd8= 32. Rhd3 Rxd6 33. Rxd6 Bg5 34. Ra6 Bxh6 35. Rxa5 Bd2 36. Rxb5 Rxb5 37. Bxb5
1-0

[Event "Boris Gelfand"]
[Site "SchemingMind.com"]
[Date "2011.07.13"]
[Round "-"]
[White "AlekhineKid"]
[Black "ramesse"]
[Result "1/2-1/2"]
[WhiteCountry "USA"]
[BlackCountry "SVK"]
[WhiteElo "2039"]
[WhiteRD "77"]
[BlackElo "2043"]
[BlackRD "70"]
[GameID "288676"]

1. e4 c5 2. Nf3 d6 3. d4 cxd4 4. Nxd4 Nf6 5. Nc3 a6 6. Be2 e5 7. Nb3 Be7 8. O-O O-O 9. Be3 Be6 10. Qd2 Nbd7
11. f4 Qc7 12. f5 Bc4 13. Rf3 b5 14. Rg3 Kh8 15. Bd3 b4 16. Nd1 d5 17. Nf2 dxe4 18. Nxe4 Bxd3 19. cxd3 Nxe4 20. dxe4 Nf6
21. Qe2 Qb7 22. Re1 Nxe4 23. Qf3 Bh4 24. Rxg7 Bxe1 25. Rxh7+ Kxh7 26. Qh5+ Kg8 27. Qg4+ Kh8 28. Qh5+=
1/2-1/2

[Event "Boris Gelfand"]
[Site "SchemingMind.com"]
[Date "2011.07.15"]
[Round "-"]
[White "Timaeus"]
[Black "harmy"]
[Result "0-1"]
[WhiteCountry "JPN"]
[BlackCountry "USA"]
[WhiteElo "1412"]
[WhiteRD "65"]
[BlackElo "1999"]
[BlackRD "120"]
[GameID "288777"]

1. a3 g6 2. d4 Nf6 3. Bg5 Ne4 4. Be3 d5 5. g3 Bg7 6. Bg2 Nc6 7. Bxe4 dxe4 8. c3 O-O 9. Nd2 e5 10. Nxe4 Qd5
11. Qd3 f5 12. Ng5 f4 13. gxf4 exf4 14. N1f3 Bf5 15. Qd2 fxe3 16. Qxe3 Rae8 17. Qd2 h6 18. O-O-O Qa2 19. e4 Rxe4 20. Nxe4 Bxe4
21. Qe3 Qb1+ 22. Kd2 Qc2+ 23. Ke1 Bxf3 24. Rd2 Qc1+ 25. Rd1 Qxd1#
0-1

[Event "Boris Gelfand"]
[Site "SchemingMind.com"]
[Date "2011.07.17"]
[Round "-"]
[White "harmy"]
[Black "Timaeus"]
[Result "1-0"]
[WhiteCountry "USA"]
[BlackCountry "JPN"]
[WhiteElo "1999"]
[WhiteRD "120"]
[BlackElo "1412"]
[BlackRD "65"]
[GameID "288780"]

1. d4 d5 2. c4 c6 3. Nf3 Bf5 4. Nc3 Nf6 5. e3 Nbd7 6. b3 g6 7. Bd3 Bxd3 8. Qxd3 Bh6 9. Bb2 O-O 10. O-O e6
11. Rfe1 Qe7 12. e4 Qd6 13. e5 dxc4 14. Qxc4 Nb6 15. exd6 Rad8 16. Qd3 Rxd6 17. Ne4 Nxe4 18. Qxe4 Nd5 19. Ba3 f5 20. Qh4 Rd7
21. Qxh6 Rdd8 22. Bxf8 Rxf8 23. Ng5 Nf6 24. Rxe6
1-0

[Event "Boris Gelfand"]
[Site "SchemingMind.com"]
[Date "2011.07.19"]
[Round "-"]
[White "maro"]
[Black "tyler_ensor"]
[Result "0-1"]
[WhiteCountry "MEX"]
[BlackCountry "CAN"]
[WhiteElo "1356"]
[WhiteRD "52"]
[BlackElo "1752"]
[BlackRD "57"]
[GameID "288848"]

1. e4 e5 2. d4 exd4 3. Qxd4 Nc6 4. Qe3 d6 5. h3 Nf6 6. Nc3 Nb4 7. Bd3 Nxd3+ 8. cxd3 Be7 9. Nf3 O-O 10. O-O Re8
11. b3 Bd7 12. Bb2 Qc8 13. Nd5 Nxd5 14. Qd4 Nf6 15. Qc4 Bxh3 16. gxh3 Qxh3 17. e5 Ng4 18. Qe4 dxe5 19. Bxe5 Bd6 20. Qd4 Bxe5
0-1

[Event "Boris Gelfand"]
[Site "SchemingMind.com"]
[Date "2011.07.16"]
[Round "-"]
[White "elFLP"]
[Black "Tuisceanach44"]
[Result "1-0"]
[WhiteCountry "URU"]
[BlackCountry "IRL"]
[WhiteElo "1911"]
[WhiteRD "122"]
[BlackElo "1964"]
[BlackRD "69"]
[GameID "288851"]

1. e4 e6 2. d4 d5 3. Nc3 Nf6 4. e5 Nfd7 5. f4 c5 6. Nf3 Nc6 7. Bd3 cxd4 8. Ne2 Qb6 9. O-O f6 10. Kh1 Bc5
11. a3 a5 12. Ng3 O-O 13. exf6 Nxf6 14. Ne5 Bd6 15. Qe2 Qc7 16. Nxc6 bxc6 17. Bd2 Bd7 18. c4 dxc3 19. Bxc3 Bxf4 20. Nh5 Nxh5
21. Qxh5 Bh6 22. Be5 Rxf1+ 23. Rxf1 Qd8 24. Bxg7 Qe7 25. Bxh6
1-0

[Event "Boris Gelfand"]
[Site "SchemingMind.com"]
[Date "2011.07.19"]
[Round "-"]
[White "tyler_ensor"]
[Black "maro"]
[Result "1-0"]
[WhiteCountry "CAN"]
[BlackCountry "MEX"]
[WhiteElo "1858"]
[WhiteRD "63"]
[BlackElo "1358"]
[BlackRD "51"]
[GameID "288854"]

1. b3 e5 2. Bb2 Nc6 3. e3 Qh4 4. Nf3 Qh5 5. Nxe5 Qxd1+ 6. Kxd1 Nxe5 7. Bxe5 d6 8. Bb2 Be7 9. Bxg7 Bf6 10. Bxh8 Bxa1
11. Bxa1 Bf5 12. Bd3 Bxd3 13. cxd3 O-O-O 14. Na3
1-0

[Event "Boris Gelfand"]
[Site "SchemingMind.com"]
[Date "2011.07.18"]
[Round "-"]
[White "Tuisceanach44"]
[Black "elFLP"]
[Result "0-1"]
[WhiteCountry "IRL"]
[BlackCountry "URU"]
[WhiteElo "1936"]
[WhiteRD "70"]
[BlackElo "1917"]
[BlackRD "90"]
[GameID "288857"]

1. d4 d5 2. Nf3 e6 3. e3 Nf6 4. Bd3 Bd6 5. O-O Nbd7 6. Nbd2 O-O 7. b3 Re8 8. Bb2 e5 9. dxe5 Nxe5 10. Nxe5 Bxe5
11. c3 Bg4 12. Qc2 Bh5 13. c4 c6 14. Bxe5 Rxe5 15. Rfe1 Qd7 16. Nf1 Rae8 17. Ng3 Bg6 18. Bxg6 hxg6 19. Rad1 Qe7 20. cxd5 Nxd5
21. Qb2 Qb4 22. Rc1 Qb5 23. a3 Nf4 24. a4 Qa6 25. Red1 Nd3 26. Qe2 Nxc1 27. Qxa6 bxa6 28. Rxc1 c5 29. Rd1 Rb8 30. Rd3 f5
0-1

[Event "Boris Gelfand"]
[Site "SchemingMind.com"]
[Date "2011.07.17"]
[Round "-"]
[White "soundso"]
[Black "zeus"]
[Result "0-1"]
[WhiteCountry "USA"]
[BlackCountry "HUN"]
[WhiteElo "1873"]
[WhiteRD "98"]
[BlackElo "2219"]
[BlackRD "95"]
[GameID "288896"]

1. d4 d5 2. c4 e5 3. dxe5 d4 4. a3 Nc6 5. e3 Nge7 6. Nf3 Bg4 7. h3 Bxf3 8. Qxf3 Nxe5 9. Qe4 N7c6 10. Be2 d3
11. Bd1 Qg5 12. O-O Qg6 13. Qxg6 hxg6 14. Nd2 a5 15. f4 Nd7 16. b3 Bc5 17. Ne4 O-O-O 18. Ng5 Rhf8 19. Bg4 Nd4 20. Bd1 f6
21. Ne4 Rfe8 22. Nxc5 Ne2+ 23. Bxe2 dxe2 24. Nxd7 exf1=Q+ 25. Kxf1 Rxd7 26. Ke2 a4 27. b4 Re4 28. c5 Rc4
0-1

[Event "Boris Gelfand"]
[Site "SchemingMind.com"]
[Date "2011.07.17"]
[Round "-"]
[White "zeus"]
[Black "soundso"]
[Result "1-0"]
[WhiteCountry "HUN"]
[BlackCountry "USA"]
[WhiteElo "2182"]
[WhiteRD "105"]
[BlackElo "1881"]
[BlackRD "94"]
[GameID "288899"]

1. e4 e6 2. d4 d5 3. Nc3 Nf6 4. e5 Nfd7 5. f4 c5 6. Nf3 Nc6 7. Be3 Be7 8. Be2 O-O 9. Qd2 b6 10. O-O cxd4
11. Nxd4 Bb7 12. Rad1 Rc8 13. Nxc6 Bxc6 14. Bd4 Nc5 15. Qe3 Rc7 16. Qh3 Bb7 17. b4 Na4 18. Nxa4 Rxc2 19. Bd3 Rxa2 20. Qxh7#
1-0

[Event "Boris Gelfand"]
[Site "SchemingMind.com"]
[Date "2011.07.18"]
[Round "-"]
[White "banong"]
[Black "docjan"]
[Result "0-1"]
[WhiteCountry "PHI"]
[BlackCountry "SWE"]
[WhiteElo "1555"]
[WhiteRD "80"]
[BlackElo "2270"]
[BlackRD "57"]
[GameID "288934"]

1. e4 e5 2. Nf3 Nf6 3. Nc3 Bc5 4. d3 Nc6 5. Bg5 h6 6. Bh4 d6 7. h3 a5 8. a3 O-O 9. Nd5 g5 10. Nxg5 Nxd5
11. exd5 hxg5 12. Bxg5 Qxg5 13. dxc6 bxc6 14. h4 Qf4 15. Qe2 e4 16. dxe4 Re8 17. f3 d5 18. Qd2 Be3 19. Qe2 dxe4 20. Rh3 Bxh3
21. gxh3 Qg3+
0-1

[Event "Boris Gelfand"]
[Site "SchemingMind.com"]
[Date "2011.07.18"]
[Round "-"]
[White "Uzi Mike"]
[Black "Clive Everill"]
[Result "1-0"]
[WhiteCountry "USA"]
[BlackCountry "CZE"]
[WhiteElo "2266"]
[WhiteRD "75"]
[BlackElo "1809"]
[BlackRD "50"]
[GameID "288937"]

1. d4 Nf6 2. Nf3 c5 3. d5 b5 4. Bg5 g6 5. a4 b4 6. Nbd2 Bg7 7. e4 a6 8. d6 h6 9. Bxf6 Bxf6 10. e5 Bg7
11. Ne4 Qb6 12. dxe7 Kxe7 13. Bc4 Bb7 14. Nd6 Bc6 15. Nh4 Bxe5 16. Nxf7 Qc7 17. Nxg6+ Kf6 18. Ngxe5 Re8 19. f4 Bxg2 20. Qh5 Bxh1
21. Qxh6+ Ke7 22. Qh4+ Kf8 23. Qh8+ Ke7 24. Ng6#
1-0

[Event "Boris Gelfand"]
[Site "SchemingMind.com"]
[Date "2011.07.19"]
[Round "-"]
[White "docjan"]
[Black "banong"]
[Result "1-0"]
[WhiteCountry "SWE"]
[BlackCountry "PHI"]
[WhiteElo "2270"]
[WhiteRD "57"]
[BlackElo "1555"]
[BlackRD "80"]
[GameID "288939"]

1. e4 e5 2. f4 Nc6 3. Nf3 exf4 4. d4 a6 5. Bxf4 d6 6. Be2 g6 7. d5 Nce7 8. Qd4 f6 9. O-O Bg7 10. Nbd2 h5
11. Qa4+ Bd7 12. Qb3 b5 13. h3 Qc8 14. c4 bxc4 15. Nxc4 Nh6 16. Bxd6 Bxh3 17. gxh3 Qxh3 18. Bxc7 Qg4+ 19. Kh2 O-O 20. d6 Qf4+
21. Kh1 Ng4 22. Nb6+ Kh7 23. Nxa8 Qxe4 24. Bd3 Qxa8 25. dxe7 Re8 26. Qf7 Ne5 27. Bxe5
1-0

[Event "Boris Gelfand"]
[Site "SchemingMind.com"]
[Date "2011.07.18"]
[Round "-"]
[White "Clive Everill"]
[Black "Uzi Mike"]
[Result "0-1"]
[WhiteCountry "CZE"]
[BlackCountry "USA"]
[WhiteElo "1809"]
[WhiteRD "50"]
[BlackElo "2266"]
[BlackRD "75"]
[GameID "288942"]

1. c4 e5 2. Nc3 Nc6 3. a3 Nf6 4. e3 g6 5. d3 d5 6. cxd5 Nxd5 7. Nf3 Bg4 8. Be2 Qd7 9. Bd2 O-O-O 10. O-O Nb6
11. Rc1 Kb8 12. b4 f5 13. Ne1 Bxe2 14. Qxe2 h5 15. Rd1 a6 16. Bc1 g5 17. e4 f4 18. Nf3 h4 19. Nxg5 Nd4 20. Qb2 Bh6
21. Nh3 f3 22. Ng5 Qg4 23. g3 Bxg5 24. Kh1 Qh3 25. Rg1 hxg3 26. fxg3 Qxh2+ 27. Qxh2 Rxh2+ 28. Kxh2 Rh8#
0-1

[Event "Boris Gelfand"]
[Site "SchemingMind.com"]
[Date "2011.07.23"]
[Round "-"]
[White "cnile"]
[Black "Yellow"]
[Result "0-1"]
[WhiteCountry "SCO"]
[BlackCountry "INT"]
[WhiteElo "1483"]
[WhiteRD "65"]
[BlackElo "2354"]
[BlackRD "63"]
[GameID "288982"]

1. e4 e5 2. Nf3 Nc6 3. Bb5 a6 4. Ba4 Nf6 5. Qe2 Be7 6. c3 d6 7. d4 b5 8. Bc2 exd4 9. cxd4 Bg4 10. d5 Ne5
11. Nbd2 c6 12. h3 Bh5 13. b3 cxd5 14. exd5 Qc8 15. Bd3 Bxf3 16. Nxf3 Qc3+ 17. Bd2 Nxd3+ 18. Kf1 Qxa1+ 19. Ne1 Nxe1 20. Bxe1 O-O
21. Qxe7 Rae8 22. Qxd6 Qxe1#
0-1

[Event "Boris Gelfand"]
[Site "SchemingMind.com"]
[Date "2011.07.19"]
[Round "-"]
[White "TRH"]
[Black "zogger"]
[Result "1/2-1/2"]
[WhiteCountry "ENG"]
[BlackCountry "GER"]
[WhiteElo "2070"]
[WhiteRD "62"]
[BlackElo "2127"]
[BlackRD "68"]
[GameID "288983"]

1. e4 c6 2. d4 d5 3. Nc3 dxe4 4. Nxe4 Bf5 5. Ng3 Bg6 6. h4 h6 7. Nf3 Nd7 8. h5 Bh7 9. Bd3 Bxd3 10. Qxd3 e6
11. Bf4 Qa5+ 12. Bd2 Bb4 13. c3 Be7 14. c4 Qc7 15. O-O-O Ngf6 16. Kb1 O-O 17. Rhe1 Rfd8 18. Qe2 b5 19. Ne5 Nxe5 20. dxe5 Nd7
21. cxb5 Rab8 22. bxc6 Qxc6 23. Qf3 Qc7 24. Bc3 Rb5 25. Rc1 Bg5 26. Rcd1 Rdb8 27. Ne4 Nxe5 28. Qg3 Nc4 29. Nf6+ gxf6 30. Qxc7 Na3+=
1/2-1/2

[Event "Boris Gelfand"]
[Site "SchemingMind.com"]
[Date "2011.07.19"]
[Round "-"]
[White "Yellow"]
[Black "cnile"]
[Result "1-0"]
[WhiteCountry "INT"]
[BlackCountry "SCO"]
[WhiteElo "2278"]
[WhiteRD "68"]
[BlackElo "1448"]
[BlackRD "61"]
[GameID "288984"]

1. Nf3 Nf6 2. d4 e6 3. Bg5 d5 4. c4 c6 5. Nc3 Nbd7 6. cxd5 exd5 7. e3 Bd6 8. Bd3 O-O 9. O-O h6 10. Bh4 Qc7
11. Rc1 Ng4 12. Nxd5 Bxh2+ 13. Kh1 Bd6 14. Nxc7 Nh2 15. Nxa8
1-0

[Event "Boris Gelfand"]
[Site "SchemingMind.com"]
[Date "2011.07.19"]
[Round "-"]
[White "zogger"]
[Black "TRH"]
[Result "1/2-1/2"]
[WhiteCountry "GER"]
[BlackCountry "ENG"]
[WhiteElo "2127"]
[WhiteRD "68"]
[BlackElo "2070"]
[BlackRD "62"]
[GameID "288985"]

1. Nf3 g6 2. g3 Nf6 3. Bg2 Bg7 4. O-O O-O 5. d3 d5 6. Nbd2 c5 7. e4 Nc6 8. c3 e5 9. exd5 Nxd5 10. Re1 h6
11. Nc4 Re8 12. Qb3 Nb6 13. Bf1 Nxc4 14. Qxc4 b6 15. Bg2 Bb7 16. Re3 Qc7 17. Rb1 Rad8 18. b4 cxb4 19. cxb4 Qd6 20. Bd2 Rc8
21. Qb3 Nd8 22. Rbe1 Bxf3 23. Bxf3 Ne6 24. Bd5 Re7 25. Bxe6 Qxe6 26. Qxe6 Rxe6 27. Rc1 Rec6 28. Ree1 Rxc1 29. Rxc1 Rd8 30. Be3 Rxd3
31. Rc8+ Kh7 32. Rc7 Ra3 33. Rxf7 g5 34. Rc7 Rxa2 35. h4 gxh4 36. gxh4 Rb2 37. Rxa7 Rxb4 38. h5 Rh4 39. Bxb6 Rxh5 40. f4 Kg6
41. fxe5 Bxe5 42. Ra5 Kf6 43. Ra6 Rg5+ 44. Kf2 Rf5+ 45. Kg2=
1/2-1/2

[Event "Boris Gelfand"]
[Site "SchemingMind.com"]
[Date "2011.09.01"]
[Round "-"]
[White "TRH"]
[Black "Scooter"]
[Result "1-0"]
[WhiteCountry "ENG"]
[BlackCountry "USA"]
[WhiteElo "2131"]
[WhiteRD "61"]
[BlackElo "1861"]
[BlackRD "57"]
[GameID "292002"]

1. e4 c6 2. d4 d5 3. Nc3 dxe4 4. Nxe4 Bf5 5. Ng3 Bg6 6. h4 h6 7. Nf3 Nd7 8. h5 Bh7 9. Bd3 Bxd3 10. Qxd3 Qc7
11. Bd2 Ngf6 12. O-O-O e6 13. Ne4 O-O-O 14. g3 Be7 15. Kb1 Ng4 16. Qe2 Ngf6 17. Bf4 Qa5 18. Nxf6 Nxf6 19. Ne5 Rhf8 20. Nxf7 Rd7
21. Ne5 Rd5 22. Ng6 Re8 23. Qxe6+ Kd8 24. Ne5
1-0

[Event "Boris Gelfand"]
[Site "SchemingMind.com"]
[Date "2011.09.01"]
[Round "-"]
[White "Scooter"]
[Black "TRH"]
[Result "0-1"]
[WhiteCountry "USA"]
[BlackCountry "ENG"]
[WhiteElo "1861"]
[WhiteRD "57"]
[BlackElo "2131"]
[BlackRD "61"]
[GameID "292007"]

1. d4 Nf6 2. Nf3 g6 3. Bf4 Bg7 4. h3 d6 5. e3 O-O 6. Be2 Nbd7 7. O-O Qe8 8. c4 e5 9. Bh2 Ne4 10. Nc3 Nxc3
11. bxc3 Qe7 12. Rb1 Re8 13. Qc2 c5 14. Rfe1 b6 15. a4 cxd4 16. cxd4 Bb7 17. Qa2 exd4 18. Nxd4 Rac8 19. a5 Rc5 20. axb6 axb6
21. Nb5 Ra8 22. Bxd6 Qg5
0-1

[Event "Boris Gelfand"]
[Site "SchemingMind.com"]
[Date "2011.09.15"]
[Round "-"]
[White "Lanaroon"]
[Black "harmy"]
[Result "0-1"]
[WhiteCountry "ENG"]
[BlackCountry "USA"]
[WhiteElo "1623"]
[WhiteRD "88"]
[BlackElo "2010"]
[BlackRD "121"]
[GameID "292881"]

1. e4 e5 2. Nf3 Nc6 3. Nc3 Nf6 4. d4 d6 5. dxe5 dxe5 6. Qxd8+ Kxd8 7. Be3 Bd6 8. Bc4 Rf8 9. O-O Bg4 10. Ng5 Bh5
11. f3 Kd7 12. g4 Bg6 13. h4 h6 14. h5 Bxh5 15. gxh5 hxg5 16. Bxg5 Nxh5 17. Kg2 f6 18. Be3 Rh8 19. Rh1 Nd4 20. Bb3 Raf8
21. Rh3 Nf4+ 22. Bxf4 Rxh3 23. Kxh3 exf4 24. Kg4 Rh8 25. Rd1 Nxb3 26. axb3 Ke6 27. Rd5 g5 28. Rxg5 fxg5 29. Kxg5 Rh2 30. Nb5 Rxc2
31. Nd4+ Ke5 32. Nxc2 Bc5 33. b4 Be3 34. b5 c6 35. bxc6 bxc6 36. Kh4 a5 37. Kh3 a4 38. Nb4 c5 39. Nc6+ Kf6 40. Na5 Bc1
41. Nc4 Bxb2 42. Nxb2 a3 43. Nc4 a2 44. e5+ Ke6
0-1

[Event "Boris Gelfand"]
[Site "SchemingMind.com"]
[Date "2011.09.14"]
[Round "-"]
[White "harmy"]
[Black "Lanaroon"]
[Result "1-0"]
[WhiteCountry "USA"]
[BlackCountry "ENG"]
[WhiteElo "2010"]
[WhiteRD "121"]
[BlackElo "1623"]
[BlackRD "88"]
[GameID "292887"]

1. d4 d5 2. c4 Nf6 3. Nc3 e6 4. Nf3 c6 5. e3 Be7 6. Bd3 O-O 7. O-O dxc4 8. Bxc4 b6 9. e4 Ba6 10. Bxa6 Nxa6
11. Bf4 b5 12. Qe2 Nc7 13. Bxc7 Qxc7 14. Rac1 a6 15. e5 Nd5 16. Nxd5 exd5 17. e6 Bf6 18. Rc2 Rac8 19. Rfc1 Rfe8 20. exf7+ Kxf7
21. Qd2 Re6 22. Ng5+ Bxg5 23. Qxg5 Re4 24. g3 Rxd4 25. Qf5+ Kg8 26. Qe6+ Kf8 27. Rc3 g5 28. Qf6+ Kg8 29. Qxd4
1-0